Paesi con il maggior numero di utenti JetPunk - Statistics

Statistiche generali
  • Questo quiz è stato fatto 4.151 volte
  • Il punteggio medio è 16 su 21
Statistiche sulle risposte
% Nazione % Corretto
0.8 Italia
99%
35.5 Stati Uniti
99%
5.2 Francia
96%
1.3 Spagna
95%
2.3 Germania
94%
19.2 Regno Unito
91%
4.7 Canada
89%
1.1 Brasile
84%
0.6 Messico
83%
0.7 Svezia
76%
0.6 Norvegia
75%
4.4 Australia
74%
3.2 Polonia
74%
1.2 Finlandia
72%
2.7 India
71%
0.9 Paesi Bassi
70%
0.6 Svizzera
69%
0.7 Belgio
68%
1.0 Irlanda
65%
1.0 Nuova Zelanda
55%
1.3 Filippine
21%
Nessun quiz corrispondente trovato
Distribuzione punteggi
Percentuale di utenti per punteggio
Percentile per numero di risposta
I tuoi punteggi nel tempo
Non hai fatto questo quiz